Famous people named Daniel. - Statistics

General Stats
  • This quiz has been taken 46 times
    31 since last reset
  • The average score is 4 of 16
Answer Stats
Clue Answer % Correct
Harry Potter actor. Daniel Radcliffe
96%
American author, writer of The Da Vinci Code. Dan Brown
57%
English actor who holds both British and Irish citizenship. Daniel Day Lewis
54%
His film debut was in the drama The Power of One Daniel Craig
50%
Former American footballer who played for the Miami Dolphins. Dan Marino
32%
The Karate Kid Daniel Larusso
25%
Former Liverpool and England footballer. Daniel Sturridge
21%
A fictional character from the book The Shining. Danny Torrance
21%
Singer in Bastille Dan Smith
21%
Lawyer who became the first great 19th-century Irish nationalist leader. Daniel O'Connell
11%
The 39 Clues character. Dan Cahill
7%
Swedish ice hockey player Daniel Sedin
7%
Irish musician, lead singer of The Coronas Danny O'Reilly
7%
The boyfriend to Sandy Olsson. Danny Zuko
7%
Author, television host and robotics engineer Daniel H.Wilson
4%
YouTuber who posts challenges and gaming content. Daniel Gizmo
0%
No matching quizzes found
Score Distribution
Percent of People with Each Score
Percentile by Number Answered
Your Score History
You have not taken this quiz since the last reset